| 000 | 00598ngm a2200241 4500 | ||
|---|---|---|---|
| 005 | 20170307144721.0 | ||
| 006 | a|||||r|||| 00| | | ||
| 008 | 160218b xxu||||| |||| 00| 0 spa d | ||
| 041 | _aspa | ||
| 082 | _a106 DVD | ||
| 245 | _aDaniel supera el abismo | ||
| 260 |
_bUNED _aCosta Rica |
||
| 260 | _c1994 | ||
| 300 | _a38 minutos | ||
| 650 |
_aPREVENCIÓN DE DROGAS _940929 |
||
| 650 |
_aDROGAS _91131 |
||
| 650 |
_aEFECTOS DE LA DROGA _940930 |
||
| 650 |
_aJOVENES _97337 |
||
| 650 |
_aNIÑOS _91015 |
||
| 650 |
_aNIÑOS _91015 |
||
| 650 |
_aABUSO A MENORES _940931 |
||
| 942 | _cDVD | ||
| 999 |
_c8973 _d8973 |
||